Ułóż nazwę stolicy z rozsypanki. - Statystyki

Ogólne statystyki
  • Ten quiz został rozwiązany 676 razy
    629 od ostatniego zresetowania
  • Średni wynik to 18 z 25
Statystyki odpowiedzi
Hint Odpowiedź % Poprawnych
OOLS OSLO
97%
ŻARYP PARYŻ
97%
ZMYR RZYM
95%
KOIOT TOKIO
95%
INEKP PEKIN
94%
NEATY ATENY
89%
YNDOLN LONDYN
89%
OSKAWM MOSKWA
89%
TYRADM MADRYT
88%
AWZWARSA WARSZAWA
85%
TUADPBZES BUDAPESZT
84%
RENBLI BERLIN
83%
RKIA KAIR
81%
ZBERGAZ ZAGRZEB
76%
EKUSRBLA BRUKSELA
75%
SNIIKELH HELSINKI
72%
UAB BAIZ ABU ZABI
67%
SKEYMK MEKSYK
66%
NEBUSO REISA BUENOS AIRES
58%
JPSOKE SKOPJE
55%
TNARNAAANAYW ANTANANARYWA
44%
ZNGYANWOTS WASZYNGTON
40%
MADMAREST AMSTERDAM
33%
ISLRABAI BRASILIA
24%
RZMIOOALJE JEROZOLIMA
24%
Nie znaleziono quizów pasujących do podanych kryteriów
Rozkład punktacji
Procent ludzi z każdym wynikiem
Percentyl według liczby udzielonych odpowiedzi
Twoja historia wyników
Nie rozwiązałeś tego quizu od ostatniego zresetowania